Electrical and Electronic technology (Record no. 1010)

MARC details
000 -LEADER
Fixed length control field 00367nam a2200145 4500
003 - CONTROL NUMBER IDENTIFIER
Control field SEACOMEC
005 - DATE AND TIME OF LATEST TRANSACTION
Control field 20240506120742.0
008 - FIXED-LENGTH DATA ELEMENTS--GENERAL INFORMATION
Fixed length control field 240506b |||||||| |||| 00| 0 eng d
040 ## - CATALOGING SOURCE
Original cataloging agency SEACOMEC
082 ## - DEWEY DECIMAL CLASSIFICATION NUMBER
Classification number 621.3
Book Number H893
100 ## - MAIN ENTRY--PERSONAL NAME
Personal name Hughes, Edward
245 ## - TITLE STATEMENT
Title Electrical and Electronic technology
Statement of responsibility Edward Hughes
260 ## - IMPRINT
Place of publication Delhi
Name of publisher Pearson
Date of publication 2005
942 ## - ADDED ENTRY ELEMENTS (KOHA)
Koha item type Books
Holdings
Withdrawn status Lost status Source of classification Damaged status Not for loan Home library Current library Date acquired Total Checkouts Call number Accession number Date last seen Price effective from Koha item type
    Dewey Decimal Classification     SEACOM ENGINEERING COLLEGE SEACOM ENGINEERING COLLEGE 06/05/2024   621.3 H893 5218 06/05/2024 06/05/2024 Books
© Seacom Engineering College, All rights reserved.      Powered by Koha